How changes to Part A, C, and L of the Building Regulations will affect you (Record no. 83801)

MARC details
000 -LEADER
fixed length control field 00778cab a22002055a 4500
001 - CONTROL NUMBER
control field L155063
008 - FIXED-LENGTH DATA ELEMENTS--GENERAL INFORMATION
fixed length control field 120223e20120216xxk 000 0 eng d
035 ## - SYSTEM CONTROL NUMBER
System control number (Sirsi) u155063
041 0# - LANGUAGE CODE
Language code of text/sound track or separate title eng
100 1# - MAIN ENTRY--PERSONAL NAME
Personal name Wilkinson, Geoff
245 00 - TITLE STATEMENT
Title How changes to Part A, C, and L of the Building Regulations will affect you
260 ## - PUBLICATION, DISTRIBUTION, ETC.
Date of publication, distribution, etc. 2011
490 ## - SERIES STATEMENT
Series statement Architects' Journal
Volume/sequential designation 235(6) 16 February 2012, 41(1)
520 ## - SUMMARY, ETC.
Summary, etc. Discusses the consultation for changes to England's Building Regulations for 2013; the consultation is divided into 4 main parts: technical guidance, Part L, Part P and systemic changes; Structural Eurocodes, the Welsh Assembly.
590 ## - LOCAL NOTE (RLIN)
Local note KA
651 #4 - SUBJECT ADDED ENTRY--GEOGRAPHIC NAME
Geographic name England
Chronological subdivision 886-
651 #4 - SUBJECT ADDED ENTRY--GEOGRAPHIC NAME
Geographic name Wales
Chronological subdivision 2007-
690 ## - LOCAL SUBJECT ADDED ENTRY--TOPICAL TERM (OCLC, RLIN)
Topical term or geographic name as entry element Building regulations
9 (RLIN) 6224
942 ## - ADDED ENTRY ELEMENTS (KOHA)
Suppress in OPAC 0
Holdings
Withdrawn status Lost status Source of classification or shelving scheme Damaged status Not for loan Home library Current library Shelving location Date acquired Total Checkouts Full call number Barcode Date last seen Copy number Price effective from Koha item type
    Dewey Decimal Classification     London London Journal article 23/02/2012   L155063 155063-1001 06/08/2019 1 06/08/2019 Journal article